[Event "Go-Makkah Chess Festival 2020"]
[Site "Djerba"]
[Date "2020.02.16"]
[Round "1.1"]
[White "Heberla, Bartlomiej"]
[Black "Oussedik, Mahfoud"]
[Result "1-0"]
[WhiteElo "2575"]
[BlackElo "2423"]
[Annotator "TA"]
[PlyCount "93"]
[EventDate "2020.02.16"]
[EventType "swiss"]
[EventCountry "TUN"]
[SourceTitle "playchess.com"]
[Source "ChessBase"]
[SourceQuality "1"]

{[%evp 15,93,7,12,6,0,-6,65,60,62,64,64,50,51,71,54,53,65,43,70,47,67,74,55,51,75,68,70,70,74,30,33,27,36,17,9,6,20,15,30,32,23,32,52,17,17,3,8,16,43,0,0,0,8,-38,-40,-104,75,5,90,68,46,0,408,420,1201,497,1290,747,29995,3027,29993,1639,1363,0,29993,876,29994,29995,29995,29996]} 1. d4 Nf6 2. c4 e6 3. Nf3 d5 4. Nc3 Be7 5. Bg5 O-O 6. e3 h6 7. Bxf6 Bxf6 8. Qd2 c5 {8...dxc4 is setting a new trend.} 9. dxc5 {[%cal Rc4d5] D55: Queen's Gambit Declined: 4 Bg5 Be7: Lines without ...h6 and 6...h6 7 Bxf6.} dxc4 10. Bxc4 Qa5 ({Better is} 10... Nd7 $11) 11. Ne4 $1 $14 {[%cal Re4f6] White is slightly better.} Qxd2+ 12. Kxd2 Bxb2 13. Rab1 Bf6 14. Nxf6+ gxf6 15. Rhc1 Nc6 16. Ke2 {[#]} Na5 $146 ({Predecessor:} 16... Rd8 17. Nd2 Ne5 18. Bb5 Bd7 19. f4 Nc6 20. Ne4 f5 21. Nd6 Rab8 22. Ba4 Na5 23. Bxd7 Rxd7 {½-½ (42) Zilberman,Y (2485)-Ravia,M (2330) Israel 1996}) 17. Nd2 Kg7 18. Bb5 Rd8 19. Ne4 a6 20. Bd3 f5 21. Nd6 b5 $1 22. e4 fxe4 23. Bxe4 Ra7 24. f4 Rc7 25. g4 Bd7 26. h4 Bc6 27. Bxc6 Nxc6 28. Rd1 Rb8 29. h5 Ne7 30. Rbc1 b4 {[%cal Bb5b4,Bb4b3][%mdl 32]} 31. g5 Nd5 32. Kf3 (32. Nf5+ $5 Kh7 33. Rxd5 exd5 34. Nxh6 $14) 32... Nc3 33. Rg1 $36 {[%mdl 2048] White has good play.} Nxa2 34. Rc4 (34. Rce1 $5 {[%cal Rg5g6]} hxg5 35. Rxg5+ Kh8 36. Reg1 $11) 34... b3 35. g6 (35. Rb1 $15) 35... f6 $2 {[#]} (35... fxg6 $17 {and life is bright.} 36. hxg6 b2) 36. Rb1 (36. f5 $1 $16 {[%cal Rf5e6]} e5 37. Rb1) 36... Rc6 (36... f5 $1 $11) 37. Rb2 a5 38. Nf7 {Rd4 is the strong threat.} (38. f5 $5 {[%cal Rf5e6]} e5 39. Ne4 $11) 38... a4 $2 {[%mdl 8192]} (38... Rb4 $1 $11 39. Rxb4 Nxb4) 39. Rxa4 $18 {Hoping for Ra7.} Rxc5 (39... Rc7 $142 40. Rd4 Nc1) 40. Ra7 {Intending Nxh6+! and mate.} Rc3+ (40... Rcb5 $142 41. Nd6+ Kg8 42. Nxb5 Rxb5) 41. Kg2 {Threatening mate with Nxh6+!} e5 {[#]} 42. fxe5 (42. Nxh6+ $142 $1 {[%mdl 512]} Rb7 (42... Kxh6 43. Rh7#) 43. Rxb7+ Rc7 44. Rxc7+ Kf8 45. g7+ Ke8 46. g8=Q#) 42... Rc2+ 43. Kh3 (43. Rxc2 $142 fxe5 44. Nxe5+ Kf6 45. Nd7+ {[%mdl 64] Double Attack} Kg5 46. Rc5+ Kf4 47. Nxb8 b2 48. Rc4+ Ke3 49. Ra3+ Kd2 50. Rxa2) 43... Rc3+ 44. Kg2 (44. Kh2 $18 fxe5 45. Nxe5+ Kf6 46. Nd7+ {[%mdl 64] Double Attack} Ke6 47. Nxb8) 44... Rc2+ {[%mdl 64] Double Attack} 45. Kf3 (45. Rxc2 $142 Nc1 46. Rxc1 b2 47. exf6+ Kxf6 48. Rf1+ Ke6 49. g7 Re8 50. Nxh6) 45... Rxb2 46. Ng5+ Kg8 47. Nh7 {Accuracy: White = 61%, Black = 56%.} 1-0

[Event "Go-Makkah Chess Festival 2020"]
[Site "Djerba"]
[Date "2020.02.16"]
[Round "1.1"]
[White "Cuenca Jimenez, Jose Fernando"]
[Black "Lagarde, Maxime"]
[Result "*"]
[WhiteElo "2528"]
[BlackElo "2659"]
[Annotator "TA"]
[PlyCount "40"]
[EventDate "2020.02.16"]
[EventType "swiss"]
[EventCountry "TUN"]
[SourceTitle "playchess.com"]
[Source "ChessBase"]
[SourceQuality "1"]

{[%evp 15,40,0,26,0,0,-1,47,46,55,75,52,54,68,65,69,81,68,52,70,61,64,70,62,56,79,72,306]} 1. d4 Nf6 2. c4 e6 3. Nf3 d5 4. Nc3 Be7 5. Bg5 O-O 6. e3 h6 7. Bxf6 Bxf6 8. Qd2 c5 {8...dxc4 gains popularity.} 9. dxc5 {[%cal Rc4d5] D55: Queen's Gambit Declined: 4 Bg5 Be7: Lines without ...h6 and 6...h6 7 Bxf6.} (9. cxd5 {feels hotter.} cxd4 10. Nxd4 exd5 11. Bb5 Qd6 12. Rd1) 9... dxc4 10. Bxc4 Qa5 11. Ne4 {White is slightly better.} Qxd2+ 12. Kxd2 Bxb2 13. Rab1 Bf6 14. Nxf6+ gxf6 15. Rhc1 $36 {[%mdl 2048] White is on the roll.} Nc6 16. Ke2 {[#]} Na5 $146 ({Predecessor:} 16... Rd8 17. Nd2 Ne5 18. Bb5 Bd7 19. f4 Nc6 20. Ne4 f5 21. Nd6 Rab8 22. Ba4 Na5 23. Bxd7 Rxd7 {½-½ (42) Zilberman,Y (2485)-Ravia,M (2330) Israel 1996}) 17. Nd2 Kg7 18. Bb5 Rd8 19. Ne4 a6 20. Bd3 b5 $2 {Accuracy: White = 91%, Black = 79%.} (20... f5 $16) *

[Event "Go-Makkah Chess Festival 2020"]
[Site "Djerba"]
[Date "2020.02.16"]
[Round "1.2"]
[White "Gagunashvili, Merab"]
[Black "Zaibi, Amir"]
[Result "1-0"]
[WhiteElo "2580"]
[BlackElo "2402"]
[Annotator "TA"]
[PlyCount "63"]
[EventDate "2020.02.16"]
[EventType "swiss"]
[EventCountry "TUN"]
[SourceTitle "playchess.com"]
[Source "ChessBase"]
[SourceQuality "1"]

{[%evp 20,63,38,0,26,28,46,28,49,31,43,50,73,72,74,64,135,14,16,28,7,25,23,23,29,28,33,11,45,46,49,35,45,47,42,26,17,27,62,0,21,18,14,20,1004,908]} 1. d4 d5 2. c4 e6 3. Nf3 Nf6 4. Nc3 Be7 5. Bf4 O-O 6. e3 c5 7. dxc5 Bxc5 8. a3 Nc6 9. Qc2 Qa5 10. Nd2 Be7 11. Bg3 Bd7 {D37: Queen's Gambit Declined: 5 Bf4.} 12. Be2 Rfc8 13. O-O Qd8 {White has an edge.} 14. cxd5 exd5 15. Nf3 {[#]} Qb6 $146 ({Predecessor:} 15... Be6 16. Rfd1 Nh5 17. Qb3 Na5 18. Qa2 Nxg3 19. hxg3 Bf6 20. Nd4 {½-½ (20) Nielsen,P (2585)-Schandorff,L (2511) Nyborg 2001}) 16. Rfd1 Na5 17. Nd4 Qd8 ({Black should try} 17... Bd6 $14) 18. Bh4 ({Better is} 18. Bf3 $16) 18... Ne4 $1 $11 19. Bxe7 Qxe7 20. Bf3 Nxc3 21. bxc3 Rc5 22. Ne2 Qe5 23. Rd4 Bb5 24. Nf4 Bc4 25. Nd3 Bxd3 26. Qxd3 {[%cal Rf3d5]} Rac8 ({But not} 26... Nb3 $2 27. Rb1 $18) 27. Bxd5 Rxc3 28. Qd1 g6 29. g3 (29. Bxf7+ $14 Kxf7 30. Rd5) 29... R8c7 30. Re4 Qf6 31. Rf4 Qa6 $2 {[%mdl 8192] [#]} (31... Qe5 $11) 32. Bxf7+ $1 {[%mdl 512] Accuracy: White = 83%, Black = 65%.} 1-0

[Event "Go-Makkah Chess Festival 2020"]
[Site "Djerba"]
[Date "2020.02.16"]
[Round "1.2"]
[White "Sumets, Andrey"]
[Black "Pichot, Alan"]
[Result "*"]
[WhiteElo "2543"]
[BlackElo "2606"]
[Annotator "TA"]
[PlyCount "37"]
[EventDate "2020.02.16"]
[EventType "swiss"]
[EventCountry "TUN"]
[SourceTitle "playchess.com"]
[Source "ChessBase"]
[SourceQuality "1"]

{[%evp 20,37,16,2,20,16,58,71,68,10,47,40,74,69,79,62,134,0,0,-313]} 1. d4 d5 2. c4 e6 3. Nf3 Nf6 4. Nc3 Be7 5. Bf4 O-O 6. e3 c5 7. dxc5 Bxc5 8. a3 Nc6 9. Qc2 Qa5 10. Nd2 Be7 11. Bg3 Bd7 {D37: Queen's Gambit Declined: 5 Bf4.} 12. Be2 Rfc8 13. O-O Qd8 {White is better.} 14. cxd5 ({White should try} 14. b4 $14) 14... exd5 15. Nf3 {[#]} Qb6 $146 ({Predecessor:} 15... Be6 16. Rfd1 Nh5 17. Qb3 Na5 18. Qa2 Nxg3 19. hxg3 Bf6 20. Nd4 {½-½ (20) Nielsen,P (2585)-Schandorff,L (2511) Nyborg 2001}) 16. Rfd1 Na5 17. Nd4 Qd8 (17... Be6 $14) 18. Bh4 (18. Bf3 $16) 18... Ne4 $1 $11 19. Bf3 $2 {[%mdl 8192] Accuracy: White = 59%, Black = 51%.} (19. Nxd5 $11 {and White has nothing to worry.} Rxc2 20. Nxe7+ Kf8 {[#]} 21. Ng6+ $1 {[%mdl 576] Discovered Attack} hxg6 22. Bxd8 Rxe2 23. Bxa5 Rxf2 24. Rdb1) *

[Event "Go-Makkah Chess Festival 2020"]
[Site "Djerba"]
[Date "2020.02.16"]
[Round "1.3"]
[White "Tiviakov, Sergei"]
[Black "Kotronias, Vasilios"]
[Result "1-0"]
[WhiteElo "2593"]
[BlackElo "2526"]
[Annotator "TA"]
[PlyCount "40"]
[EventDate "2020.02.16"]
[EventType "swiss"]
[EventCountry "TUN"]
[SourceTitle "playchess.com"]
[Source "ChessBase"]
[SourceQuality "1"]

{[%evp 18,40,29,8,21,22,37,27,37,7,45,65,54,25,25,22,24,28,24,16,37,10,29,21,43]} 1. e4 c5 2. c3 Nf6 3. e5 Nd5 4. Nf3 e6 5. Bc4 Nb6 6. Bb3 d6 7. exd6 Nc6 8. O-O Bxd6 9. d4 cxd4 10. cxd4 h6 {B22: Sicilian: 2 c3.} 11. Nc3 O-O 12. Qe2 Nd5 {[#] White has an edge.} 13. Bd2 $146 ({Predecessor:} 13. Rd1 Nce7 14. Ne5 f6 15. Nc4 Bb8 16. Ne3 Qd6 17. g3 Nxc3 18. bxc3 Nd5 19. Qf3 Nxe3 20. Bxe3 {½-½ (42) Rabiega,R (2531)-Markos,J (2555) Germany 2010}) 13... b6 14. Nxd5 exd5 15. Rac1 Ne7 16. Ne5 Be6 17. Rfe1 Rc8 18. Bc3 Bf5 19. h3 Rc7 20. Qf3 Rc8 {Accuracy: White = 64%, Black = 89%.} 1-0

[Event "Go-Makkah Chess Festival 2020"]
[Site "Djerba"]
[Date "2020.02.16"]
[Round "1.4"]
[White "Pichot, Alan"]
[Black "Sumets, Andrey"]
[Result "0-1"]
[WhiteElo "2606"]
[BlackElo "2543"]
[Annotator "TA"]
[PlyCount "74"]
[EventDate "2020.02.16"]
[EventType "swiss"]
[EventCountry "TUN"]
[SourceTitle "playchess.com"]
[Source "ChessBase"]
[SourceQuality "1"]

{[%evp 17,74,10,35,26,29,0,23,0,-6,-9,0,0,0,0,0,0,0,0,0,0,0,-4,0,0,12,0,2,-6,0,0,0,0,0,0,165,0,0,0,0,-4,-9,-40,-31,-40,0,0,-1,-27,-32,-185,-184,-191,-159,-390,-272,-251,-253,-217,-158]} 1. d4 d5 2. Nf3 Nf6 3. c4 e6 4. Nc3 dxc4 5. e3 a6 6. a4 c5 7. Bxc4 Nc6 8. O-O Be7 9. dxc5 Bxc5 10. Qxd8+ {D27: Queen's Gambit Accepted: Classical main line: 7 e4!? and 7 a4.} Kxd8 11. Bd2 b6 12. Rfd1 {White has an edge.} Ke7 {[#]} 13. Na2 $146 ({Predecessor:} 13. Rac1 Bb7 14. Na2 Rhc8 15. b4 Bd6 16. Be1 Ne5 17. Nxe5 Bxe5 18. Bb3 Bd5 19. Bxd5 Nxd5 {0-1 (60) Kanakaris,G (2281)-Kolev,A (2590) Kavala 2011}) 13... Na5 14. Bxa5 bxa5 15. Ne5 {[#] aiming for Nc6+.} Bb7 16. Be2 Rhc8 17. Nc4 Bd5 18. b3 Bxc4 19. Bxc4 Nd7 20. Nc1 Bb4 21. Kf1 Ra7 22. Be2 Rc3 23. Rb1 Nc5 24. Bc4 Rd7 25. Ne2 Rxd1+ 26. Rxd1 Rc2 27. Nd4 Rb2 28. Nc6+ Kf6 29. Rd4 g5 30. h4 Bc3 31. hxg5+ Kxg5 32. Rd1 Ne4 33. f3 $2 (33. Be2 $1 $15) 33... Nd2+ $19 34. Kg1 {[#]} Kh4 $1 35. Rc1 $2 (35. Bxa6 $17 Kg3 36. e4) 35... Kg3 36. Bd3 Rxb3 {Strongly threatening ...Bb2.} 37. Bxa6 h5 {Accuracy: White = 66%, Black = 84%.} 0-1

[Event "Go-Makkah Chess Festival 2020"]
[Site "Djerba"]
[Date "2020.02.16"]
[Round "1.4"]
[White "Pichot, Alan"]
[Black "Cuenca Jimenez, Jose Fernando"]
[Result "*"]
[WhiteElo "2606"]
[BlackElo "2528"]
[Annotator "TA"]
[PlyCount "43"]
[EventDate "2020.02.16"]
[EventType "swiss"]
[EventCountry "TUN"]
[SourceTitle "playchess.com"]
[Source "ChessBase"]
[SourceQuality "1"]

{[%evp 17,43,19,24,18,17,0,45,-12,0,-12,0,0,0,0,0,0,0,0,0,0,0,0,0,0,0,0,0,-8]} 1. d4 d5 2. Nf3 Nf6 3. c4 e6 4. Nc3 dxc4 5. e3 a6 6. a4 c5 7. Bxc4 Nc6 8. O-O Be7 9. dxc5 Bxc5 10. Qxd8+ {D27: Queen's Gambit Accepted: Classical main line: 7 e4!? and 7 a4.} Kxd8 11. Bd2 b6 12. Rfd1 (12. Bd3 $14) 12... Ke7 $11 {[#] The position is equal.} 13. Na2 $146 ({Predecessor:} 13. Rac1 Bb7 14. Na2 Rhc8 15. b4 Bd6 16. Be1 Ne5 17. Nxe5 Bxe5 18. Bb3 Bd5 19. Bxd5 Nxd5 {0-1 (60) Kanakaris,G (2281)-Kolev,A (2590) Kavala 2011}) 13... Na5 14. Bxa5 bxa5 15. Ne5 {[#] aiming for Nc6+.} Bb7 16. Be2 Rhc8 17. Nc4 Bd5 18. b3 Bxc4 19. Bxc4 Nd7 20. Nc1 Bb4 21. Kf1 Ra7 22. Be2 {Accuracy: White = 91%, Black = 91%.} *

[Event "Go-Makkah Chess Festival 2020"]
[Site "Djerba"]
[Date "2020.02.16"]
[Round "1.5"]
[White "Sumets, Andrey"]
[Black "Lagarde, Maxime"]
[Result "*"]
[WhiteElo "2543"]
[BlackElo "2659"]
[Annotator "TA"]
[PlyCount "42"]
[EventDate "2020.02.16"]
[EventType "swiss"]
[EventCountry "TUN"]
[SourceTitle "playchess.com"]
[Source "ChessBase"]
[SourceQuality "1"]

{[%evp 18,42,52,21,50,23,63,40,40,39,25,28,18,16,25,0,0,0,53,-26,18,-10,-9,-7,0,0,13]} 1. c4 Nf6 2. Nc3 g6 3. e4 e5 4. Nf3 d6 5. d4 Nbd7 6. Be2 Bg7 7. Be3 O-O 8. d5 Nc5 9. Nd2 a5 10. O-O h5 {[#] E94: King's Indian: Classical: 6 Be2 e5 7 0-0: Various Black 7th moves.} 11. h3 $146 ({Predecessor:} 11. Bg5 Qd7 12. f3 Nh7 13. Be3 Bf6 14. Qc2 Bg5 15. Bf2 f5 16. b3 Qg7 17. Nb5 Nf6 18. Bd3 {½-½ (29) Katopodis,D (2310)-Gabizon,E (2205) Porto Carras 2018}) 11... Nfd7 12. b3 f5 {White is slightly better.} 13. f3 Bf6 14. exf5 gxf5 15. Qc2 Bg5 16. Bxg5 Qxg5 17. Nb5 Na6 (17... Qe3+ $11 18. Rf2 Na6) 18. Rf2 ({White should try} 18. f4 $1 $14 Qg7 19. Qc3 (19. Bxh5 e4 $11)) 18... Qe3 19. Qc3 {The position is equal.} Qxc3 20. Nxc3 f4 21. Bd3 Ndc5 {Accuracy: White = 58%, Black = 64%.} *

[Event "Go-Makkah Chess Festival 2020"]
[Site "Djerba"]
[Date "2020.02.16"]
[Round "1.5"]
[White "Cuenca Jimenez, Jose Fernando"]
[Black "Lagarde, Maxime"]
[Result "1/2-1/2"]
[WhiteElo "2528"]
[BlackElo "2659"]
[Annotator "TA"]
[PlyCount "41"]
[EventDate "2020.02.16"]
[EventType "swiss"]
[EventCountry "TUN"]
[SourceTitle "playchess.com"]
[Source "ChessBase"]
[SourceQuality "1"]

{[%evp 18,41,63,22,58,36,77,13,23,26,28,29,29,30,24,0,6,0,37,-36,13,-28,-12,-13,0,0]} 1. c4 Nf6 2. Nc3 g6 3. e4 e5 4. Nf3 d6 5. d4 Nbd7 6. Be2 Bg7 7. Be3 O-O 8. d5 Nc5 9. Nd2 a5 10. O-O h5 {[#] E94: King's Indian: Classical: 6 Be2 e5 7 0-0: Various Black 7th moves.} 11. h3 $146 ({Predecessor:} 11. Bg5 Qd7 12. f3 Nh7 13. Be3 Bf6 14. Qc2 Bg5 15. Bf2 f5 16. b3 Qg7 17. Nb5 Nf6 18. Bd3 {½-½ (29) Katopodis,D (2310)-Gabizon,E (2205) Porto Carras 2018}) 11... Nfd7 12. b3 ({White should play} 12. Qc2 $16) 12... f5 $11 13. f3 Bf6 14. exf5 gxf5 15. Qc2 Bg5 16. Bxg5 Qxg5 17. Nb5 Na6 18. Rf2 (18. f4 $14 Qg7 19. fxe5 (19. Bxh5 Nf6 $11) 19... Nxe5 20. Kh1 (20. Bxh5 f4 $11)) 18... Qe3 19. Qc3 Qxc3 20. Nxc3 f4 21. a3 {Accuracy: White = 64%, Black = 61%.} 1/2-1/2

[Event "Go-Makkah Chess Festival 2020"]
[Site "Djerba"]
[Date "2020.02.17"]
[Round "2.1"]
[White "Zaibi, Amir"]
[Black "Pichot, Alan"]
[Result "1-0"]
[WhiteElo "2402"]
[BlackElo "2606"]
[Annotator "TA"]
[PlyCount "93"]
[EventDate "2020.02.16"]
[EventType "swiss"]
[EventCountry "TUN"]
[SourceTitle "playchess.com"]
[Source "ChessBase"]
[SourceQuality "1"]

{[%evp 15,93,9,36,1,12,0,46,60,58,48,62,57,55,70,62,63,74,56,59,47,78,62,71,63,60,61,67,54,58,29,41,25,50,13,21,4,44,14,28,31,18,29,30,13,17,0,0,0,38,-8,0,0,6,-29,-35,-83,29,0,74,28,39,0,465,456,1737,1602,1492,808,29995,2441,29993,1894,1391,0,29993,1483,29994,29995,29995,29996]} 1. d4 Nf6 2. c4 e6 3. Nf3 d5 4. Nc3 Be7 5. Bg5 O-O 6. e3 h6 7. Bxf6 Bxf6 8. Qd2 c5 {8...dxc4 is the modern continuation.} 9. dxc5 {[%cal Rc4d5] D55: Queen's Gambit Declined: 4 Bg5 Be7: Lines without ...h6 and 6...h6 7 Bxf6.} (9. cxd5 {keeps more tension.} cxd4 10. Nxd4 exd5 11. Bb5 Be6 12. O-O) 9... dxc4 10. Bxc4 Qa5 11. Ne4 {White is slightly better.} Qxd2+ 12. Kxd2 Bxb2 13. Rab1 Bf6 14. Nxf6+ gxf6 15. Rhc1 Nc6 16. Ke2 {[#]} Na5 $146 ({Predecessor:} 16... Rd8 17. Nd2 Ne5 18. Bb5 Bd7 19. f4 Nc6 20. Ne4 f5 21. Nd6 Rab8 22. Ba4 Na5 23. Bxd7 Rxd7 {½-½ (42) Zilberman,Y (2485)-Ravia,M (2330) Israel 1996}) 17. Nd2 Kg7 18. Bb5 Rd8 19. Ne4 a6 20. Bd3 f5 $1 {[%cal Rf5e4]} 21. Nd6 b5 $1 22. e4 fxe4 23. Bxe4 Ra7 24. f4 Rc7 25. g4 Bd7 26. h4 Bc6 27. Bxc6 Nxc6 28. Rd1 Rb8 29. h5 Ne7 30. Rbc1 b4 {[%cal Bb5b4,Bb4b3][%mdl 32]} 31. g5 Nd5 32. Kf3 (32. Nf5+ $5 Kh7 33. Rxd5 exd5 34. Nxh6 $14) 32... Nc3 33. Rg1 $36 {[%mdl 2048] Black is under pressure.} Nxa2 34. Rc4 b3 35. g6 f6 (35... fxg6 $17 {Hoping for ...a5.} 36. hxg6 b2) 36. Rb1 Rc6 (36... f5 $11) 37. Rb2 a5 38. Nf7 {[#] Black must now prevent Rd4.} (38. f5 $5 {[%cal Rf5e6]} e5 39. Ne4 $11) 38... a4 $2 {[%mdl 8192]} (38... Rb4 $1 $11 {and Black stays safe.} 39. Rxb4 Nxb4) 39. Rxa4 $18 {aiming for Ra7.} Rxc5 (39... Rc7 $142 40. Rc4 f5) 40. Ra7 {Threatening mate with Nxh6+!} Rc3+ 41. Kg2 {White threatens Nxh6+! and mate.} e5 {[#]} 42. fxe5 (42. Nxh6+ $142 $1 {[%mdl 512]} Rb7 (42... Kxh6 43. Rh7#) 43. Rxb7+ Rc7 44. Nf5+ Kh8 45. Rb8+ Rc8 46. Rxc8#) 42... Rc2+ 43. Kh3 (43. Rxc2 $142 Nc1 44. Rxc1 b2 45. exf6+ Kxf6 46. Rf1+ Ke6 47. g7 b1=Q 48. Rxb1) 43... Rc3+ 44. Kg2 (44. Kh2 $18 fxe5 45. Nxe5+ Kf6 46. Nd7+ {[%mdl 64] Double Attack} Ke6 47. Nxb8) 44... Rc2+ {[%mdl 64] Double Attack} 45. Kf3 (45. Rxc2 $142 fxe5 46. Nxe5+ Kf6 47. Nd7+ {[%mdl 64] Double Attack} Kg5 48. Rc5+ Kf4 49. Nxb8 b2 50. g7) 45... Rxb2 46. Ng5+ Kg8 47. Nh7 {Accuracy: White = 53%, Black = 61%.} 1-0

[Event "Go-Makkah Chess Festival 2020"]
[Site "Djerba"]
[Date "2020.02.17"]
[Round "2.2"]
[White "Lagarde, Maxime"]
[Black "Sumets, Andrey"]
[Result "1-0"]
[WhiteElo "2659"]
[BlackElo "2543"]
[Annotator "TA"]
[PlyCount "63"]
[EventDate "2020.02.16"]
[EventType "swiss"]
[EventCountry "TUN"]
[SourceTitle "playchess.com"]
[Source "ChessBase"]
[SourceQuality "1"]

{[%evp 20,63,16,11,34,35,51,48,68,18,40,42,59,64,67,85,131,27,29,39,22,27,11,12,22,22,18,11,64,52,60,44,47,38,45,33,29,19,56,0,16,21,29,22,1135,1123]} 1. d4 d5 2. c4 e6 3. Nf3 Nf6 4. Nc3 Be7 5. Bf4 O-O 6. e3 c5 7. dxc5 Bxc5 8. a3 Nc6 9. Qc2 Qa5 10. Nd2 Be7 11. Bg3 Bd7 {D37: Queen's Gambit Declined: 5 Bf4.} 12. Be2 Rfc8 13. O-O Qd8 {White is slightly better.} 14. cxd5 exd5 15. Nf3 {[#]} Qb6 $146 ({Predecessor:} 15... Be6 16. Rfd1 Nh5 17. Qb3 Na5 18. Qa2 Nxg3 19. hxg3 Bf6 20. Nd4 {½-½ (20) Nielsen,P (2585)-Schandorff,L (2511) Nyborg 2001}) 16. Rfd1 Na5 17. Nd4 Qd8 18. Bh4 (18. Bf3 $16) 18... Ne4 $1 $11 19. Bxe7 Qxe7 20. Bf3 Nxc3 21. bxc3 Rc5 22. Ne2 Qe5 23. Rd4 Bb5 (23... Nc6 $11) 24. Nf4 $14 Bc4 25. Nd3 Bxd3 26. Qxd3 {[%cal Rf3d5]} Rac8 ({Don't go for} 26... Nb3 $2 27. Rb1 $18) 27. Bxd5 Rxc3 28. Qd1 g6 29. g3 (29. Bxf7+ $14 Kxf7 30. Rd5) 29... R8c7 30. Re4 Qf6 31. Rf4 Qa6 $2 {[%mdl 8192] [#]} (31... Qe5 $11) 32. Bxf7+ $1 {[%mdl 512] Accuracy: White = 79%, Black = 73%.} 1-0

[Event "Go-Makkah Chess Festival 2020"]
[Site "Djerba"]
[Date "2020.02.17"]
[Round "2.4"]
[White "Oussedik, Mahfoud"]
[Black "Tiviakov, Sergei"]
[Result "0-1"]
[WhiteElo "2423"]
[BlackElo "2593"]
[Annotator "TA"]
[PlyCount "74"]
[EventDate "2020.02.16"]
[EventType "swiss"]
[EventCountry "TUN"]
[SourceTitle "playchess.com"]
[Source "ChessBase"]
[SourceQuality "1"]

{[%evp 17,74,7,15,16,41,0,42,-2,0,-11,20,0,0,0,0,0,0,0,0,0,0,0,0,0,5,0,0,-28,0,0,0,0,0,0,152,0,0,0,0,-4,-13,-37,-27,-55,-7,0,0,-29,-30,-183,-191,-187,-181,-380,-268,-249,-235,-224,-217]} 1. d4 d5 2. Nf3 Nf6 3. c4 e6 4. Nc3 dxc4 5. e3 a6 6. a4 c5 7. Bxc4 Nc6 8. O-O Be7 9. dxc5 Bxc5 (9... O-O {keeps more tension.} 10. Bd2 b6 11. cxb6 Qxb6 12. e4 Bb7) 10. Qxd8+ {D27: Queen's Gambit Accepted: Classical main line: 7 e4!? and 7 a4.} Kxd8 11. Bd2 b6 12. Rfd1 {White is slightly better.} Ke7 {[#]} 13. Na2 $146 ({Predecessor:} 13. Rac1 Bb7 14. Na2 Rhc8 15. b4 Bd6 16. Be1 Ne5 17. Nxe5 Bxe5 18. Bb3 Bd5 19. Bxd5 Nxd5 {0-1 (60) Kanakaris,G (2281)-Kolev,A (2590) Kavala 2011}) 13... Na5 14. Bxa5 bxa5 15. Ne5 {[#] Nc6+ is the strong threat.} Bb7 16. Be2 Rhc8 17. Nc4 Bd5 18. b3 Bxc4 19. Bxc4 Nd7 20. Nc1 Bb4 21. Kf1 Ra7 22. Be2 Rc3 23. Rb1 Nc5 24. Bc4 Rd7 25. Ne2 Rxd1+ 26. Rxd1 Rc2 27. Nd4 Rb2 28. Nc6+ Kf6 29. Rd4 g5 30. h4 Bc3 31. hxg5+ Kxg5 32. Rd1 Ne4 33. f3 $2 (33. Be2 $11) 33... Nd2+ $19 34. Kg1 {[#]} Kh4 $1 35. Rc1 $2 ({Reject} 35. Bxa6 Kg3 $17) (35. Kh2) 35... Kg3 36. Bd3 Rxb3 {And now ...Bb2 would win.} 37. Bxa6 h5 {Accuracy: White = 66%, Black = 80%.} 0-1

[Event "Go-Makkah Chess Festival 2020"]
[Site "Djerba"]
[Date "2020.02.17"]
[Round "2.5"]
[White "Gagunashvili, Merab"]
[Black "Heberla, Bartlomiej"]
[Result "1/2-1/2"]
[WhiteElo "2580"]
[BlackElo "2575"]
[Annotator "TA"]
[PlyCount "42"]
[EventDate "2020.02.16"]
[EventType "swiss"]
[EventCountry "TUN"]
[SourceTitle "playchess.com"]
[Source "ChessBase"]
[SourceQuality "1"]

{[%evp 18,42,78,17,47,23,55,35,32,24,34,24,25,17,18,18,32,19,52,-57,16,-20,-24,-23,0,0,12]} 1. c4 Nf6 2. Nc3 g6 3. e4 e5 4. Nf3 d6 5. d4 Nbd7 6. Be2 Bg7 7. Be3 O-O 8. d5 Nc5 9. Nd2 a5 10. O-O (10. g4 $16) 10... h5 {[#] E94: King's Indian: Classical: 6 Be2 e5 7 0-0: Various Black 7th moves.} 11. h3 $146 ({Predecessor:} 11. Bg5 Qd7 12. f3 Nh7 13. Be3 Bf6 14. Qc2 Bg5 15. Bf2 f5 16. b3 Qg7 17. Nb5 Nf6 18. Bd3 {½-½ (29) Katopodis,D (2310)-Gabizon,E (2205) Porto Carras 2018}) 11... Nfd7 12. b3 f5 {White is slightly better.} 13. f3 Bf6 14. exf5 gxf5 15. Qc2 Bg5 16. Bxg5 Qxg5 17. Nb5 Na6 18. Rf2 (18. f4 $1 $14 exf4 19. Nf3) 18... Qe3 ({Black should play} 18... Qg7 $15 19. Qc3 f4) 19. Qc3 Qxc3 20. Nxc3 f4 21. a3 Nb6 {Accuracy: White = 71%, Black = 59%.} 1/2-1/2